000 00304nam a2200133 i 4500
001 bg
100 1 _aMINC, Bronisław
245 0 _aPostęp ekonomiczny /
_cBronisław Minc.
260 _aWarszawa,
_c1967.
040 _cBPK
041 _apol
942 _cKS
008 s pl f |000 0 pol
999 _c19750
_d19750
856 _uhttp://koha.tu.koszalin.pl/cgi-bin/koha/opac-detail.pl?biblionumber=19750
_yKatalog online BPK